[Event "Arad PAB Romania Open 2012"]
[Site "Arad"]
[Date "2012.07.27"]
[Round "1.24"]
[White "Matei, Stefan-Razvan"]
[Black "Florescu, Codrut-Constantin"]
[Result "0-1"]
[WhiteElo "1842"]
[BlackElo "2299"]
[PlyCount "39"]
[EventDate "2012.??.??"]

1. d4 d5 2. Nf3 Nf6 3. e3 c5 4. c3 e6 5. Bd3 Nc6 6. O-O Bd6 7. Nbd2 O-O 8. dxc5
Bxc5 9. e4 e5 10. Re1 Bg4 11. Qc2 dxe4 12. Nxe4 Bxf3 13. Nxc5 Qd5 14. Ne4 Bxe4
15. Bxe4 Nxe4 16. Rxe4 f5 17. Re1 f4 18. Bd2 Rfd8 19. Rad1 Rd7 20. Bc1 0-1

[Event "Arad PAB Romania Open 2012"]
[Site "Arad"]
[Date "2012.07.28"]
[Round "2.24"]
[White "Florescu, Codrut-Constantin"]
[Black "Costachi, Mihnea"]
[Result "1-0"]
[WhiteElo "2299"]
[BlackElo "1972"]
[PlyCount "122"]
[EventDate "2012.??.??"]

1. d4 Nf6 2. c4 g6 3. Nc3 Bg7 4. e4 d6 5. f3 a6 6. Be3 Nc6 7. Nge2 Rb8 8. Nc1
e5 9. Nb3 exd4 10. Nxd4 Nxd4 11. Bxd4 O-O 12. Be2 Nh5 13. Bxg7 Qh4+ 14. Kd2
Qg5+ 15. Kc2 Nxg7 16. g4 b5 17. h4 Qc5 18. Qg1 Qe5 19. Qh2 Ne6 20. Qxe5 dxe5
21. cxb5 Nd4+ 22. Kd2 axb5 23. Rhc1 c5 24. Nd5 c4 25. Bd1 Be6 26. Nb4 f5 27.
exf5 gxf5 28. g5 Kg7 29. Ke3 Rfd8 30. Rc3 Rd6 31. Ra3 Rb7 32. Ra6 Rxa6 33. Nxa6
Rd7 34. Nb4 Bf7 35. f4 e4 36. a4 bxa4 37. Bxa4 Rb7 38. Kxd4 Rxb4 39. Kc3 Rb8
40. Bd1 Rb7 41. h5 Be6 42. h6+ Kf7 43. Ra6 Ke7 44. Ra8 Kd6 45. Rc8 Ke7 46. Rh8
Kd6 47. Rd8+ Ke7 48. Rd2 Bf7 49. Ba4 Be6 50. Bc6 Rb3+ 51. Kd4 Kd6 52. Bxe4 fxe4
53. Kxe4+ Ke7 54. f5 Bf7 55. Rg2 Rb5 56. g6 hxg6 57. h7 Rb8 58. fxg6 Bxg6+ 59.
Rxg6 Rh8 60. Rc6 Kd7 61. Ra6 Ke7 1-0

[Event "Arad PAB Romania Open 2012"]
[Site "Arad"]
[Date "2012.07.31"]
[Round "6.21"]
[White "Lupascu, Matei Alexandru"]
[Black "Florescu, Codrut-Constantin"]
[Result "1/2-1/2"]
[WhiteElo "1991"]
[BlackElo "2299"]
[PlyCount "60"]
[EventDate "2012.??.??"]

1. c4 e5 2. Nc3 Nc6 3. g3 g6 4. Bg2 Bg7 5. d3 d6 6. Nf3 h6 7. Bd2 Bg4 8. h4
Nge7 9. Rb1 a5 10. a3 O-O 11. b4 axb4 12. axb4 Qd7 13. Qc1 Kh7 14. b5 Nd4 15.
Nxd4 exd4 16. Nd5 Nxd5 17. Bxd5 c6 18. Bg2 Rfe8 19. f3 Bf5 20. Kf2 Qe7 21. Re1
Ra2 22. Rb2 Rxb2 23. Qxb2 Ra8 24. Kf1 c5 25. Ra1 Re8 26. Re1 g5 27. hxg5 hxg5
28. Qa3 Kg6 29. Kf2 Rh8 30. Rh1 Re8 1/2-1/2

[Event "PAB Romania Open"]
[Site "?"]
[Date "2012.07.27"]
[Round "?"]
[White "Chirita Mihaila, Marius Constantin"]
[Black "Florescu, Codrut-Constantin"]
[Result "0-1"]
[WhiteElo "2075"]
[BlackElo "2299"]
[PlyCount "40"]
[EventDate "2012.??.??"]

1. Nf3 d6 2. g3 Nf6 3. Bg2 g6 4. O-O Bg7 5. d3 O-O 6. e4 c5 7. c3 Nc6 8. a3 c4
9. b4 cxb3 10. Qxb3 d5 11. e5 Ng4 12. Bf4 Ngxe5 13. Nxe5 Nxe5 14. Qxd5 Qxd5 15.
Bxd5 Rd8 16. Bc4 Nxc4 17. Ra2 e5 18. Bg5 f6 19. Bc1 Be6 20. Rc2 Rd7 0-1

[Event "CN ROU -echipe masculine -Divizia A"]
[Site "Slanic-Moldova"]
[Date "2011.10.03"]
[Round "1.3"]
[White "Florescu, Codrut-Constantin"]
[Black "Dragomirescu, Calin"]
[Result "1-0"]
[WhiteElo "2239"]
[BlackElo "2213"]
[PlyCount "101"]
[EventDate "2011.10.03"]

1. d4 d5 2. c4 e6 3. Nc3 c6 4. e3 Nf6 5. Nf3 Nbd7 6. Be2 b6 7. O-O Bb7 8. Qc2
Be7 9. Rd1 O-O 10. e4 dxe4 11. Nxe4 Qc7 12. Nc3 h6 13. h3 Rfd8 14. Be3 a6 15.
Rac1 c5 16. b3 cxd4 17. Nxd4 Rac8 18. Bf3 Bxf3 19. Nxf3 b5 20. cxb5 axb5 21.
Qe2 b4 22. Nd5 Nxd5 23. Rxc7 Nxc7 24. Bf4 Nf6 25. Rxd8+ Bxd8 26. Qc4 Nfd5 27.
Bd6 Ra8 28. Ne5 Bf6 29. Nd7 Bc3 30. Bxc7 Rc8 31. Bd6 Rxc4 32. bxc4 b3 33. axb3
Bb4 34. Bxb4 Nxb4 35. Kf1 f6 36. Ke2 Kf7 37. Nc5 Ke7 38. Nd3 Nc6 39. b4 e5 40.
b5 Nd4+ 41. Kd2 Kd6 42. Kc3 Ne2+ 43. Kb4 e4 44. Nc5 f5 45. Na6 f4 46. c5+ Ke6
47. Kc4 e3 48. fxe3 fxe3 49. b6 Nd4 50. b7 Nc6 51. Kd3 1-0

[Event "CN ROU -echipe masculine -Divizia A"]
[Site "Slanic-Moldova"]
[Date "2011.10.04"]
[Round "2.4"]
[White "Toma Andreica, Alin"]
[Black "Florescu, Codrut-Constantin"]
[Result "1/2-1/2"]
[WhiteElo "2224"]
[BlackElo "2239"]
[PlyCount "30"]
[EventDate "2011.10.03"]

1. e4 c5 2. Nf3 e6 3. c4 Nc6 4. Nc3 Nf6 5. Be2 b6 6. O-O Bb7 7. d4 cxd4 8. Nxd4
Qb8 9. Be3 Bb4 10. f3 O-O 11. Rc1 Bd6 12. g3 Bxg3 13. hxg3 Qxg3+ 14. Kh1 Qh3+
15. Kg1 Qg3+ 1/2-1/2

[Event "CN ROU -echipe masculine -Divizia A"]
[Site "Slanic-Moldova"]
[Date "2011.10.04"]
[Round "3.2"]
[White "Florescu, Codrut-Constantin"]
[Black "Olarasu, Gabriela"]
[Result "1/2-1/2"]
[WhiteElo "2239"]
[BlackElo "2287"]
[PlyCount "93"]
[EventDate "2011.10.03"]

1. d4 d5 2. c4 c6 3. Nf3 Nf6 4. Nc3 e6 5. e3 Nbd7 6. Qc2 Bd6 7. Bd2 O-O 8.
O-O-O c5 9. e4 cxd4 10. Nxd4 dxe4 11. Nxe4 Nxe4 12. Qxe4 Nc5 13. Qc2 Bd7 14. h4
Rc8 15. Kb1 Qb6 16. Be3 Rfd8 17. Be2 Bf8 18. g4 e5 19. Nf5 a5 20. Bf3 Be6 21.
Bd5 Bxd5 22. cxd5 Qb5 23. Rhe1 Qb4 24. Bd2 Qb5 25. Bg5 f6 26. Be3 a4 27. Qe2
Qb4 28. Bd2 Qb6 29. Qc4 a3 30. d6+ Kh8 31. b3 Na6 32. Be3 Qc6 33. Qxc6 Rxc6 34.
Bc1 g6 35. Ne7 Rcxd6 36. Rxd6 Rxd6 37. Nc8 Rd8 38. Nb6 Bc5 39. Nc4 Bxf2 40. Rh1
Nc5 41. g5 Ne4 42. gxf6 Nc3+ 43. Kc2 Nb5 44. Bh6 Nd4+ 45. Kb1 Nf5 46. Bg5 h6
47. Nxe5 1/2-1/2

[Event "CN ROU -echipe masculine -Divizia A"]
[Site "Slanic-Moldova"]
[Date "2011.10.06"]
[Round "5.1"]
[White "Florescu, Codrut-Constantin"]
[Black "Sebe Vodislav, Florian George"]
[Result "1-0"]
[WhiteElo "2239"]
[BlackElo "2321"]
[PlyCount "65"]
[EventDate "2011.10.03"]

1. d4 e6 2. e4 d5 3. e5 c5 4. c3 Nc6 5. Nf3 Qb6 6. a3 a5 7. a4 Bd7 8. Bb5 Nh6
9. Na3 cxd4 10. cxd4 Bb4+ 11. Kf1 O-O 12. Nc2 f6 13. Bxh6 gxh6 14. Nxb4 axb4
15. h4 Be8 16. h5 Nxd4 17. Nxd4 fxe5 18. Bxe8 Raxe8 19. Nf3 e4 20. Qd4 Qa6+ 21.
Kg1 exf3 22. Rh3 Rf5 23. Rg3+ Rg5 24. Rxg5+ hxg5 25. h6 e5 26. Qxd5+ Qe6 27.
Qxb7 Qf7 28. Qxf3 Qxf3 29. gxf3 Rc8 30. a5 Ra8 31. a6 Ra7 32. Kf1 Kf7 33. Ke2
1-0

[Event "CN ROU -echipe masculine -Divizia A"]
[Site "Slanic-Moldova"]
[Date "2011.10.06"]
[Round "6.5"]
[White "Florescu, Codrut-Constantin"]
[Black "Petrescu, Cristian"]
[Result "1/2-1/2"]
[WhiteElo "2239"]
[BlackElo "2044"]
[PlyCount "45"]
[EventDate "2011.10.03"]

1. d4 Nf6 2. c4 g6 3. Nc3 Bg7 4. e4 d6 5. f3 O-O 6. Bg5 h6 7. Be3 e5 8. d5 Ne8
9. Qd2 f5 10. O-O-O f4 11. Bf2 Nf6 12. g4 a5 13. c5 Na6 14. cxd6 cxd6 15. Kb1
Bd7 16. Bb5 Rc8 17. Nge2 Nc5 18. Rc1 Qe8 19. Bxc5 Rxc5 20. a4 Qb8 21. Bxd7 Nxd7
22. Nb5 b6 23. b3 1/2-1/2

[Event "CN ROU -echipe masculine -Divizia A"]
[Site "Slanic-Moldova"]
[Date "2011.10.07"]
[Round "7.2"]
[White "Florescu, Codrut-Constantin"]
[Black "Racasan, Sebastian"]
[Result "1/2-1/2"]
[WhiteElo "2239"]
[BlackElo "2236"]
[PlyCount "38"]
[EventDate "2011.10.03"]

1. d4 Nf6 2. c4 e6 3. Nf3 b6 4. g3 Ba6 5. Nbd2 Be7 6. Bg2 Bb7 7. O-O O-O 8. b3
c5 9. Bb2 d6 10. Rc1 Nc6 11. e3 Rc8 12. Qe2 Qc7 13. e4 cxd4 14. Nxd4 Nxd4 15.
Bxd4 Nd7 16. Bb2 Rfd8 17. Rc2 b5 18. Re1 a6 19. Nf1 b4 1/2-1/2

[Event "CN ROU -echipe masculine -Divizia A"]
[Site "Slanic-Moldova"]
[Date "2011.10.08"]
[Round "8.4"]
[White "Florescu, Codrut-Constantin"]
[Black "Tufa, Mihai"]
[Result "1-0"]
[WhiteElo "2239"]
[BlackElo "2017"]
[PlyCount "65"]
[EventDate "2011.10.03"]

1. d4 Nf6 2. c4 e6 3. Nf3 Bb4+ 4. Bd2 Qe7 5. Nc3 c5 6. dxc5 Qxc5 7. e3 Nc6 8.
a3 Bxc3 9. Bxc3 Qe7 10. b4 Qd8 11. Bd3 d6 12. O-O O-O 13. Qc2 h6 14. Rad1 Ne8
15. Qb2 f5 16. Bb1 Qc7 17. Rd2 e5 18. c5 e4 19. Ba2+ Kh7 20. Nd4 dxc5 21. bxc5
Qe7 22. Nxc6 bxc6 23. Rfd1 f4 24. exf4 Bg4 25. Re1 Rf5 26. Bb1 Kh8 27. Bxe4 Rh5
28. g3 Bf3 29. Qb1 Bxe4 30. Qxe4 Qxc5 31. Bb4 Qf5 32. Qxc6 Qh3 33. Rxe8+ 1-0

[Event "2nd SPI Open"]
[Site "Satu Mare ROU"]
[Date "2011.07.15"]
[Round "1"]
[White "Florescu, Codrut-Constantin"]
[Black "Borodi, Raul-Cosmin"]
[Result "1-0"]
[WhiteElo "2266"]
[BlackElo "1772"]
[PlyCount "53"]
[EventDate "2011.07.15"]

1. d4 f5 2. g3 Nf6 3. Bg2 d5 4. c4 c6 5. Nc3 Be6 6. cxd5 Bxd5 7. f3 e6 8. e4
Bc4 9. Nge2 Bb4 10. O-O Bxe2 11. Nxe2 Ba5 12. Qb3 Qd7 13. Be3 Bb6 14. Rad1 Na6
15. Kh1 O-O-O 16. Qc3 Nc7 17. a4 fxe4 18. fxe4 h6 19. a5 Nb5 20. Qb4 Bc7 21.
Nc3 a6 22. Nxb5 cxb5 23. Rc1 Kb8 24. Rxc7 Qe8 25. Rxg7 Rc8 26. Rxf6 Rc4 27.
Qd6+ 1-0

[Event "2nd SPI Open"]
[Site "Satu Mare ROU"]
[Date "2011.07.16"]
[Round "2"]
[White "Bizovi, Mihai"]
[Black "Florescu, Codrut-Constantin"]
[Result "1-0"]
[WhiteElo "1993"]
[BlackElo "2266"]
[PlyCount "83"]
[EventDate "2011.07.15"]

1. d4 Nf6 2. c4 c5 3. d5 b5 4. cxb5 a6 5. bxa6 g6 6. Nc3 Bg7 7. Nf3 O-O 8. e4
d6 9. Be2 Bxa6 10. O-O Nbd7 11. h3 Qa5 12. Re1 Rfb8 13. Qc2 Ne8 14. Bd2 Bxe2
15. Rxe2 Qa6 16. Rae1 Nc7 17. b3 c4 18. Na4 cxb3 19. axb3 Nb5 20. Qc6 Nb6 21.
Nxb6 Rxb6 22. Qc4 Rc8 23. Qd3 Nc3 24. Qxa6 Rxa6 25. Bxc3 Rxc3 26. Re3 Rc2 27.
R3e2 Rc3 28. Rb1 Rb6 29. Re3 Rxe3 30. fxe3 Rb4 31. Nd2 Bc3 32. Nc4 h5 33. Kf2
Kg7 34. Ke2 Kh6 35. Kd3 Bf6 36. Na5 Kg5 37. Nc6 Rb6 38. g3 Kh6 39. b4 Kg7 40.
b5 Kf8 41. Kc4 Ke8 42. Rb3 1-0

[Event "Satu Mare ROM, 2nd SPI Open"]
[Site "Satu Mare ROM"]
[Date "2011.07.17"]
[Round "4"]
[White "Bonte, Arghir"]
[Black "Florescu, Codrut-Constantin"]
[Result "0-1"]
[WhiteElo "2005"]
[BlackElo "2266"]
[PlyCount "80"]
[EventDate "2011.07.15"]
[EventType "swiss"]
[EventRounds "9"]
[EventCountry "ROM"]

1. d4 Nf6 2. Nf3 d6 3. h3 c5 4. e3 g6 5. Bb5+ Bd7 6. Nc3 Bxb5 7. Nxb5 Qa5+ 8.
Nc3 Nbd7 9. Bd2 Qa6 10. Qe2 Qxe2+ 11. Kxe2 Bg7 12. g4 O-O 13. g5 Ne8 14. Nd5 e6
15. Ne7+ Kh8 16. h4 Nc7 17. h5 Rfe8 18. Nxg6+ hxg6 19. hxg6+ Kg8 20. gxf7+ Kxf7
21. g6+ Kg8 22. c3 e5 23. dxc5 Nxc5 24. Rh4 Re6 25. b4 Nd7 26. Rg1 d5 27. e4
Ra6 28. a4 Rxa4 29. Bh6 Ra2+ 30. Nd2 Nf6 31. Bxg7 Kxg7 32. exd5 Ncxd5 33. c4
Nf4+ 34. Rxf4 exf4 35. Kf3 Rxd2 36. Kxf4 Re8 37. f3 Rd4+ 38. Kf5 Nh5 39. Rg4
Rxg4 40. fxg4 Ng3+ 0-1

[Event "3rd Gaudeamus Cup"]
[Site "Bucharest ROU"]
[Date "2011.06.17"]
[Round "1"]
[White "Florescu, Codrut-Constantin"]
[Black "Braileanu, Cristian"]
[Result "1-0"]
[WhiteElo "2262"]
[BlackElo "1863"]
[PlyCount "73"]
[EventDate "2011.06.17"]

1. e4 d6 2. d4 Nc6 3. Bg5 h6 4. Be3 Bd7 5. c4 e5 6. Ne2 Nf6 7. f3 Be7 8. Nbc3
a6 9. d5 Na7 10. a4 c5 11. Ng3 Qb6 12. Qd2 a5 13. Bd3 h5 14. O-O h4 15. Nf5
Bxf5 16. exf5 O-O-O 17. Nb5 Kd7 18. Ra3 Qa6 19. Nc3 b6 20. f4 Ng4 21. f6 Nxe3
22. fxe7 Nxf1 23. exd8=Q+ Kxd8 24. Bxf1 f6 25. fxe5 dxe5 26. Ne4 Nc8 27. Qf2
Qb7 28. Rh3 Qd7 29. Rxh4 Rf8 30. Rh7 Rf7 31. g3 Qg4 32. Bh3 Qxe4 33. Rh8+ Ke7
34. Rxc8 Qb1+ 35. Bf1 Kd6 36. Rc6+ Kd7 37. Rxb6 1-0

[Event "3rd Gaudeamus Cup"]
[Site "Bucharest ROU"]
[Date "2011.06.18"]
[Round "2"]
[White "Jega, Gabriel"]
[Black "Florescu, Codrut-Constantin"]
[Result "0-1"]
[WhiteElo "2075"]
[BlackElo "2262"]
[PlyCount "98"]
[EventDate "2011.06.17"]

1. d4 Nf6 2. Nf3 b6 3. e3 Bb7 4. Nbd2 e6 5. Bd3 d5 6. O-O Nbd7 7. b3 Ne4 8. Bb2
f5 9. c4 Be7 10. Rc1 O-O 11. Ne5 Nxe5 12. dxe5 Nxd2 13. Qxd2 dxc4 14. Rxc4 c5
15. Rd1 Qc7 16. Bf1 Rad8 17. Qe1 Rxd1 18. Qxd1 Rd8 19. Qc1 Qd7 20. Be2 Ba6 21.
Rc2 Bxe2 22. Rxe2 Qd1+ 23. Re1 Qxc1 24. Bxc1 Kf7 25. Kf1 Rd5 26. f4 c4 27. bxc4
Rc5 28. Ba3 Rxc4 29. Bxe7 Kxe7 30. Re2 b5 31. Kf2 b4 32. Kf3 Rc3 33. g4 g6 34.
Kg3 a5 35. Kh4 h6 36. gxf5 exf5 37. Kg3 g5 38. Kf2 Ra3 39. Rb2 Rd3 40. Ke2 Rc3
41. Kf2 Ke6 42. Rd2 Rc6 43. Ke2 g4 44. Kd3 h5 45. Kd4 Rc8 46. Rb2 h4 47. a3 Rb8
48. e4 b3 49. Ke3 a4 0-1

[Event "3rd Gaudeamus Cup"]
[Site "Bucharest ROU"]
[Date "2011.06.18"]
[Round "3"]
[White "Florescu, Codrut-Constantin"]
[Black "Petrescu, Cristian"]
[Result "1-0"]
[WhiteElo "2262"]
[BlackElo "2116"]
[PlyCount "91"]
[EventDate "2011.06.17"]

1. e4 c5 2. Nf3 Nc6 3. d4 cxd4 4. Nxd4 Nf6 5. Nc3 e5 6. Ndb5 d6 7. Bg5 a6 8.
Na3 b5 9. Nd5 Be7 10. Bxf6 Bxf6 11. c3 Ne7 12. Nxf6+ gxf6 13. Nc2 Bb7 14. Bd3
d5 15. Qe2 f5 16. f3 fxe4 17. fxe4 dxe4 18. Bxe4 Bxe4 19. Qxe4 Qd5 20. Qxd5
Nxd5 21. g3 Ke7 22. O-O-O Rad8 23. Rhe1 f6 24. Re4 Nc7 25. Rxd8 Kxd8 26. a4 Kd7
27. Rh4 Ke6 28. Nb4 h6 29. a5 f5 30. g4 h5 31. gxf5+ Kxf5 32. Kd2 Rh6 33. Ke3
Ne6 34. Nd3 Ng5 35. c4 bxc4 36. Rxc4 Rd6 37. Rh4 Rh6 38. Rb4 Rd6 39. Rb6 Rd5
40. b4 e4 41. Nc5 Rd1 42. Rxa6 Rh1 43. Ra8 Rxh2 44. a6 Rh3+ 45. Kd4 Nf3+ 46.
Kd5 1-0

[Event "3rd Gaudeamus Cup"]
[Site "Bucharest ROU"]
[Date "2011.06.19"]
[Round "4"]
[White "Dragomir, Nicolae Laurentiu"]
[Black "Florescu, Codrut-Constantin"]
[Result "0-1"]
[WhiteElo "2090"]
[BlackElo "2262"]
[PlyCount "42"]
[EventDate "2011.06.17"]

1. d4 Nf6 2. c4 e6 3. Nf3 b6 4. g3 Ba6 5. Qc2 c5 6. Bg2 Nc6 7. dxc5 bxc5 8. O-O
Be7 9. Rd1 O-O 10. b3 d5 11. cxd5 exd5 12. Bb2 Nb4 13. Qc3 Bxe2 14. Rd2 d4 15.
Nxd4 cxd4 16. Rxd4 Qxd4 17. Qxd4 Rad8 18. Bd5 Rxd5 19. Qe3 Rd1+ 20. Kg2 Bf1+
21. Kf3 Rd3 0-1

[Event "3rd Gaudeamus Cup"]
[Site "Bucharest ROU"]
[Date "2011.06.19"]
[Round "5"]
[White "Burnoiu, Nicolae Costel"]
[Black "Florescu, Codrut-Constantin"]
[Result "0-1"]
[WhiteElo "2406"]
[BlackElo "2262"]
[PlyCount "112"]
[EventDate "2011.06.17"]

1. e4 c5 2. Nf3 e6 3. d4 cxd4 4. Nxd4 Nf6 5. Nc3 d6 6. Be2 Be7 7. O-O O-O 8.
Be3 Nc6 9. f4 e5 10. Nb3 exf4 11. Bxf4 Be6 12. Qe1 a5 13. Qf2 a4 14. Nd4 Nxd4
15. Qxd4 a3 16. b3 Rc8 17. Kh1 Qc7 18. Bd2 Qc5 19. Qxc5 Rxc5 20. Bd3 Rfc8 21.
Na4 Rxc2 22. Bxc2 Rxc2 23. Bg5 h6 24. Rfc1 Re2 25. Nc3 Rb2 26. Be3 Ng4 27. Bd4
Bg5 28. Rf1 Rd2 29. Rad1 Rc2 30. Rd3 Ne5 31. Bxe5 dxe5 32. h3 Bd2 33. Nb5 Bb4
34. Ra1 Kh7 35. Nd6 Bc3 36. Rad1 Bd4 37. R3d2 Rb2 38. Rxb2 axb2 39. Rb1 Bd7 40.
Kh2 Bc6 41. Kg3 g6 42. a4 f5 43. Kf3 Bc5 44. Nxf5 gxf5 45. Rxb2 Bxe4+ 46. Kg3
f4+ 47. Kh2 Bd4 48. Rd2 Bc6 49. Rd1 Kg6 50. h4 Kf5 51. Kh3 h5 52. Rd2 Ke4 53.
Kh2 Ke3 54. Ra2 Kd3 55. b4 Bd5 56. Ra3+ Kc4 0-1

[Event "Felix Cup 2011   XXVI. Edition"]
[Site "?"]
[Date "2011.05.21"]
[Round "2.10"]
[White "Florescu, Codrut-Constantin"]
[Black "Kiraly, Ferenc"]
[Result "1-0"]
[WhiteElo "2262"]
[BlackElo "1917"]
[PlyCount "63"]
[EventDate "2011.05.20"]

1. e4 e5 2. Nf3 Nc6 3. Nc3 d6 4. g3 Nf6 5. Bg2 Be7 6. h3 h6 7. d4 Bd7 8. O-O
O-O 9. Be3 Qc8 10. Kh2 Nh7 11. Nd5 Bd8 12. c3 Nf6 13. Nxf6+ Bxf6 14. d5 Ne7 15.
c4 c5 16. dxc6 Qxc6 17. Qd3 Rfd8 18. Rac1 b6 19. Nd2 Rac8 20. b3 Ng6 21. Nb1
Nf8 22. Nc3 Be6 23. Rfd1 a6 24. Nd5 Bxd5 25. cxd5 Qb7 26. h4 b5 27. Bh3 Rxc1
28. Rxc1 Nd7 29. Qc2 Nc5 30. b4 Na4 31. Qc6 Qa8 32. Bc8 1-0

[Event "Felix Cup 2011   XXVI. Edition"]
[Site "?"]
[Date "2011.05.21"]
[Round "3.10"]
[White "Mihut, Ioan"]
[Black "Florescu, Codrut-Constantin"]
[Result "0-1"]
[WhiteElo "2053"]
[BlackElo "2262"]
[PlyCount "78"]
[EventDate "2011.05.20"]

1. f4 d5 2. Nf3 Bg4 3. e3 Nf6 4. c3 e6 5. d4 Be7 6. Bd3 O-O 7. Nbd2 c5 8. O-O
Nc6 9. Qe1 Bf5 10. Qe2 Qc7 11. Bb1 Rad8 12. Ne5 Bxb1 13. Rxb1 g6 14. Qf3 Ne8
15. Qh3 f5 16. Qg3 Nxe5 17. fxe5 Ng7 18. Nf3 Qa5 19. Ra1 Qa6 20. Qe1 Rf7 21.
Bd2 Rdf8 22. a4 g5 23. dxc5 g4 24. Nd4 Bxc5 25. b4 Be7 26. a5 Qc4 27. Qe2 Qc7
28. Nb5 Qxe5 29. Nxa7 f4 30. Rae1 f3 31. Qf2 Bh4 32. Qxh4 f2+ 33. Rxf2 Rxf2 34.
Qxf2 Rxf2 35. Kxf2 Qxh2 36. e4 h5 37. exd5 exd5 38. Bh6 Nf5 39. Bg5 Qg3+ 0-1

[Event "Felix Cup 2011   XXVI. Edition"]
[Site "?"]
[Date "2011.05.22"]
[Round "5.8"]
[White "Lengyel, Laszlo"]
[Black "Florescu, Codrut-Constantin"]
[Result "0-1"]
[WhiteElo "1966"]
[BlackElo "2262"]
[PlyCount "54"]
[EventDate "2011.05.20"]

1. e4 c5 2. Nf3 e6 3. d4 cxd4 4. Nxd4 Nf6 5. Nc3 d6 6. Be3 a6 7. g4 b5 8. Bg2
Bb7 9. Qe2 Qa5 10. Nb3 Qc7 11. O-O-O Be7 12. g5 Nfd7 13. f4 b4 14. Na4 O-O 15.
Qf2 a5 16. f5 Bc6 17. f6 Bd8 18. fxg7 Kxg7 19. e5 Nxe5 20. Bd4 Nbd7 21. Rhe1
Rc8 22. Nac5 dxc5 23. Bxe5+ Nxe5 24. Bf1 Nf3 25. Bd3 c4 26. Bxc4 Qf4+ 27. Kb1
Qxc4 0-1

[Event "Felix Cup 2011   XXVI. Edition"]
[Site "?"]
[Date "2011.05.23"]
[Round "6.6"]
[White "Florescu, Codrut-Constantin"]
[Black "Helmer, Janos"]
[Result "1/2-1/2"]
[WhiteElo "2262"]
[BlackElo "2196"]
[PlyCount "43"]
[EventDate "2011.05.20"]

1. d4 Nf6 2. c4 g6 3. Nc3 Bg7 4. e4 d6 5. f3 e5 6. dxe5 dxe5 7. Qxd8+ Kxd8 8.
Be3 c6 9. Nge2 Be6 10. Nc1 Nfd7 11. b3 Bf8 12. Nd3 Na6 13. O-O-O Ba3+ 14. Kb1
f6 15. f4 Kc7 16. fxe5 fxe5 17. Be2 Nac5 18. Nf2 a5 19. Bh6 a4 20. Kc2 axb3+
21. axb3 Bb4 22. Ra1 1/2-1/2

[Event "Felix Cup 2011   XXVI. Edition"]
[Site "?"]
[Date "2011.05.24"]
[Round "7.5"]
[White "Hristodorescu, Daniel"]
[Black "Florescu, Codrut-Constantin"]
[Result "0-1"]
[WhiteElo "2204"]
[BlackElo "2262"]
[PlyCount "54"]
[EventDate "2011.05.20"]

1. e4 c5 2. Nf3 e6 3. b3 b6 4. Bb2 Bb7 5. d3 Nc6 6. g3 Nf6 7. Bg2 d5 8. exd5
Qxd5 9. Nc3 Qd7 10. O-O Be7 11. Ne4 Nd4 12. Ne5 Qc7 13. Bxd4 cxd4 14. Nxf7 Bxe4
15. Nxh8 Bxg2 16. Kxg2 Qc6+ 17. Qf3 Qxf3+ 18. Kxf3 Bb4 19. c4 Ke7 20. Rac1 Rxh8
21. Rc2 a5 22. Re2 Kd6 23. Kg2 Rc8 24. h3 Nd7 25. f4 a4 26. Rb1 a3 27. g4 Nc5
0-1

[Event "CN Seniori 2011"]
[Site "Sarata Monteoru"]
[Date "2011.02.12"]
[Round "1.37"]
[White "Gheoalda, Daniel"]
[Black "Florescu, Codrut-Constantin"]
[Result "0-1"]
[WhiteElo "1800"]
[BlackElo "2226"]
[PlyCount "46"]
[EventDate "2011.02.12"]

1. d4 Nf6 2. Nf3 b6 3. Bf4 Bb7 4. e3 g6 5. h3 Bg7 6. Nbd2 O-O 7. Be2 d6 8. O-O
Nbd7 9. c3 c5 10. Re1 Rc8 11. Rc1 Rc7 12. Qa4 Qc8 13. c4 cxd4 14. exd4 Nd5 15.
Bg3 Bh6 16. Qd1 Nf4 17. Bf1 e5 18. Rc2 Qa8 19. dxe5 dxe5 20. Nxe5 Nxe5 21. Rxe5
Bxg2 22. Qg4 Bxf1 23. Nxf1 Qg2# 0-1

[Event "CN Seniori 2011"]
[Site "Sarata Monteoru"]
[Date "2011.02.15"]
[Round "5.10"]
[White "Petrisor, Adrian-Marian"]
[Black "Florescu, Codrut-Constantin"]
[Result "1-0"]
[WhiteElo "2386"]
[BlackElo "2226"]
[PlyCount "53"]
[EventDate "2011.02.12"]

1. e4 c5 2. c3 d6 3. d4 Nf6 4. Bd3 cxd4 5. cxd4 g6 6. Nc3 Bg7 7. Nge2 e5 8.
dxe5 dxe5 9. Bb5+ Nbd7 10. Qd6 Qe7 11. Qxe7+ Kxe7 12. Bg5 Nb6 13. f4 h6 14. Bh4
Kf8 15. O-O exf4 16. Nxf4 g5 17. e5 gxh4 18. exf6 Bxf6 19. Ne4 Bxb2 20. Rad1
Bf5 21. Nd6 Bg4 22. Rd2 Bc3 23. Rd3 Bf6 24. h3 a6 25. hxg4 axb5 26. Nh5 Be5 27.
Nxf7 1-0

[Event "CN Seniori 2011"]
[Site "Sarata Monteoru"]
[Date "2011.02.16"]
[Round "6.24"]
[White "Florescu, Codrut-Constantin"]
[Black "Dan, Silviu-Aurelian"]
[Result "1-0"]
[WhiteElo "2226"]
[BlackElo "1971"]
[PlyCount "91"]
[EventDate "2011.02.12"]

1. e4 e5 2. Nf3 Nf6 3. Nc3 Nc6 4. g3 Bb4 5. Bg2 O-O 6. O-O d6 7. d3 Bg4 8. h3
Be6 9. Ng5 Qd7 10. Nxe6 Qxe6 11. Nd5 Rac8 12. f4 Bc5+ 13. Kh2 exf4 14. Bxf4 Nd7
15. c3 Ne7 16. d4 Bb6 17. a4 c6 18. Nxe7+ Qxe7 19. Qb3 Rb8 20. Rae1 Bc7 21. Rf2
Qe6 22. Qxe6 fxe6 23. h4 e5 24. Be3 Nf6 25. Kh3 b5 26. dxe5 dxe5 27. Bxa7 Rb7
28. Bc5 Rfb8 29. axb5 Rxb5 30. b4 Nd7 31. Bf1 R5b7 32. Bc4+ Kh8 33. Ref1 h6 34.
Ba6 Nxc5 35. Bxb7 Nxb7 36. Rf8+ Kh7 37. Rxb8 Bxb8 38. Rf8 Bd6 39. Rf7 Nd8 40.
Rd7 Bxb4 41. cxb4 Ne6 42. Re7 Nd4 43. Rxe5 Nc2 44. b5 cxb5 45. Rxb5 Nd4 46. Rb6
1-0

[Event "CN Seniori 2011"]
[Site "Sarata Monteoru"]
[Date "2011.02.17"]
[Round "7.13"]
[White "Manea, Alexandru"]
[Black "Florescu, Codrut-Constantin"]
[Result "1-0"]
[WhiteElo "2384"]
[BlackElo "2226"]
[PlyCount "93"]
[EventDate "2011.02.12"]

1. d4 Nf6 2. Nf3 d6 3. c4 Nbd7 4. Nc3 e5 5. g3 Be7 6. Bg2 O-O 7. O-O c6 8. e4
Qc7 9. b3 a6 10. d5 c5 11. Ne1 b5 12. a4 bxc4 13. bxc4 Rb8 14. Nd3 Rb4 15. Nxb4
cxb4 16. Nb1 a5 17. Be3 Nc5 18. Nd2 Bd8 19. h3 Nfd7 20. Qc2 Ba6 21. Kh2 Bf6 22.
Rfc1 Rb8 23. Nb3 Nxb3 24. Qxb3 Nc5 25. Bxc5 Qxc5 26. Rc2 Bd8 27. Rd1 Bc8 28. h4
Bg4 29. Rdd2 Qc8 30. c5 dxc5 31. Bf1 Bb6 32. Bc4 Qd7 33. f3 Bh5 34. g4 Qe7 35.
gxh5 Qxh4+ 36. Kg2 Qxh5 37. Kg1 Bd8 38. Rh2 Qg5+ 39. Rhg2 Qh4 40. Rce2 Rb6 41.
Rg4 Qh6 42. Qc2 Qd6 43. Reg2 g6 44. Rh2 Qd7 45. Qb3 h5 46. Rgg2 Rf6 47. Rf2 1-0

[Event "CN Seniori 2011"]
[Site "Sarata Monteoru"]
[Date "2011.02.18"]
[Round "9.18"]
[White "Dumitrascu, Cornel"]
[Black "Florescu, Codrut-Constantin"]
[Result "1/2-1/2"]
[WhiteElo "2090"]
[BlackElo "2226"]
[PlyCount "112"]
[EventDate "2011.02.12"]

1. d4 Nf6 2. c4 e6 3. Nf3 b6 4. e3 Bb7 5. Bd3 d5 6. O-O Bd6 7. b3 O-O 8. Bb2
Ne4 9. Nbd2 Nd7 10. Qe2 a6 11. Ne5 Bxe5 12. dxe5 Nxd2 13. Qxd2 Nc5 14. Rfd1
Nxd3 15. Qxd3 Qg5 16. cxd5 exd5 17. f4 Qg4 18. Rd2 a5 19. Rf2 a4 20. Rf3 Ba6
21. Qc3 c5 22. Rg3 Qf5 23. Rg5 Qe4 24. Re1 h6 25. Rg3 Ra7 26. Qd2 Bb5 27. f5
Qxf5 28. e4 Qh5 29. exd5 axb3 30. axb3 Rd7 31. Rxg7+ Kxg7 32. e6+ Kh7 33. exd7
Bxd7 34. Rf1 f5 35. Re1 Re8 36. Qc3 Rxe1+ 37. Qxe1 Qe8 38. Qc3 Qf7 39. Qe5 b5
40. Kf2 c4 41. bxc4 bxc4 42. g3 Ba4 43. Ke3 Qe8 44. Qxe8 Bxe8 45. Kd4 Kg6 46.
Kxc4 Kf7 47. Kd4 Kf6 48. Bc1 h5 49. Kc5 Ke7 50. Bg5+ Kd7 51. Kd4 Kd6 52. Bd2
Ba4 53. Bb4+ Kd7 54. Ke5 Bb3 55. d6 Bc2 56. h4 Bd3 1/2-1/2